Score 0/10 Timer 05:00
0 Plays Today
Quote Movie % Correct
'Frankly, my dear, I didn't (and don't) give a damn about the South's yokel notion that it once supported a new age of chivalry and grace.'Gone With The Wind (1939)
87.6%
'He makes his directorial debut in this plodding, simplistic and overlong politically correct Western epic, where the Native Americans are the good guys.'Dances With Wolves (1990)
73.7%
'A conventional over-hyped picture lifted by unconventional fairly-hyped performances. Truly the m - m - most British movie ever made.'The King's Speech (2010)
56.6%
'A disgusting account of what the evil Vietnamese did to poor, innocent Americans stands at the center of this Oscar-laden weepie about macho buddies from a small industrial town.'The Deer Hunter (1978)
53.9%
'It's a lighthearted musical romp that covers such topics as child labor exploitation and disappoints mostly because it has little bite.'Oliver! (1968)
47.3%
'His approach is not a new one, the '60s were brimming with anti-romantic westerns, and neither is his story.'Unforgiven (1992)
40.8%
'It will find a surefire audience among circus fans. Other moviegoers who endure it will have to console themselves by laughing at a story that often makes a travesty of itself.'The Greatest Show on Earth (1952)
29.1%
'Very much a melodrama of the 80s, following the example of Kramer vs. Kramer by balancing emotional goo with bleached, sterile visuals.'Ordinary People (1980)
20.8%
'We are asked to believe that his character is compassionate, interesting, even heroic, though the character we see is simply an unconvincing actor imitating a lug.'Rocky (1976)
18.8%
'There are blue skies in the hero's dreams of long-ago happiness, but that proves the point... the story line is 'Rocky' on downers.' Gladiator (2000)
12%
Remove Ads.
Support Sporcle.
Get the best of Sporcle when you Go Orange. This ad-free experience offers more features, more stats, and more fun while also helping to support Sporcle. Thank you for becoming a member.

You're not logged in!

Compare scores with friends on all Sporcle quizzes.
OR
Log In

Show Comments

Extras

Top Quizzes Today


Score Distribution

Your Account Isn't Verified!

In order to create a playlist on Sporcle, you need to verify the email address you used during registration. Go to your Sporcle Settings to finish the process.

Report this User

Report this user for behavior that violates our Community Guidelines.

Details: